Jurassic Park Films and Games - Statistics

General Stats
  • This quiz has been taken 42 times
    21 since last reset
  • The average score is 15 of 40
Answer Stats
Year Released Movie/Game Type % Correct
1993 Jurassic Park Movie
100%
1993 Jurassic Park Game
100%
1993 Jurassic Park Game
100%
1993 Jurassic Park Game
100%
1993 Jurassic Park Game
100%
1993 Jurassic Park Game
100%
1993 Jurassic Park Game
100%
2015 Jurassic World Movie
67%
2022 Jurassic World: Dominion Movie
53%
2018 Jurassic World Evolution Game
53%
2018 Jurassic World: Fallen Kingdom Movie
53%
1997 The Lost World: Jurassic Park Movie
53%
1997 The Lost World: Jurassic Park Game
53%
1997 The Lost World: Jurassic Park Game
53%
1997 The Lost World: Jurassic Park Game
53%
2011 Jurassic Park: The Game Game
47%
2020 Jurassic World: Camp Cretaceous TV Series
40%
2021 Jurassic World Evolution 2 Game
40%
2024 Jurassic World: Chaos Theory TV Series
33%
2025 Jurassic World: Rebirth Movie
33%
2015 Jurassic World: The Game Game
33%
2001 Jurassic Park III Movie
27%
2018 Jurassic World Alive Game
27%
2012 Jurassic Park Builder Game
20%
2015 LEGO Jurassic World Game
20%
2015 Jurassic Park Arcade Game
13%
2003 Jurassic Park: Operation Genesis Game
13%
TBA Jurassic World Evolution 3 Game
13%
1998 Trespasser Game
13%
1997 Chaos Island: The Lost World Game
0%
1994 Jurassic Park 2: The Chaos Continues Game
0%
2001 Jurassic Park III: Danger Zone! Game
0%
2001 Jurassic Park III: Dino Defender Game
0%
2001 Jurassic Park III: Island Attack Game
0%
2001 Jurassic Park III: The DNA Factor Game
0%
1994 Jurassic Park Interactive Game
0%
1994 Jurassic Park: Rampage Edition Game
0%
2020 Jurassic World: Aftermath Game
0%
2001 Scan Command: Jurassic Park Game
0%
1999 Warpath: Jurassic Park Game
0%
No matching quizzes found
Score Distribution
Percent of People with Each Score
Percentile by Number Answered
Your Score History
You have not taken this quiz since the last reset